Annual report (Record no. 502511)

000 -LEADER
fixed length control field 00302cam a22001097a 4500
008 - FIXED-LENGTH DATA ELEMENTS--GENERAL INFORMATION
fixed length control field 180718b-- xxu||||| |||| 00| 0 eng d
082 ## - DEWEY DECIMAL CLASSIFICATION NUMBER
Classification number A45:U61 NBARD
100 ## - MAIN ENTRY--PERSONAL NAME
Personal name National Bank for Agriculture and Rural Development
245 ## - TITLE STATEMENT
Title Annual report
260 ## - PUBLICATION, DISTRIBUTION, ETC.
Place of publication, distribution, etc. Mumbai
Name of publisher, distributor, etc. The author
Date of publication, distribution, etc. --
500 ## - GENERAL NOTE
General note Library has
Holdings
Withdrawn status Lost status Damaged status Not for loan Permanent Location Current Location Date acquired Full call number Barcode Date last seen Price effective from Koha item type
        Indian Institute of Public Administration Indian Institute of Public Administration 2018-08-04 A45:U61 NBARD GG27986 2018-08-04 2018-08-04 GG

Powered by Koha